|
|
|
|
| LEADER |
00000cam a2200000 a 4500 |
| 001 |
vtls001305035 |
| 003 |
SK-MaSNL |
| 005 |
20260301065235.0 |
| 008 |
240702s1997 xo ef 0000f slo |
| 015 |
|
|
|a SNBK1997/0301398
|
| 020 |
|
|
|a 8080470952
|
| 035 |
|
|
|a SNK000257253
|
| 040 |
|
|
|a SNK
|b slo
|c SNK
|e AACR2
|
| 041 |
1 |
|
|a slo
|h eng
|
| 044 |
|
|
|a xo
|c SK
|
| 072 |
|
7 |
|a 821.111(73)-3
|x Americká próza
|2 konspekt
|
| 080 |
|
|
|a 820(73)-3(02.056.262)
|2 1981
|
| 080 |
|
|
|a 821.111(73)-31
|2 2011
|
| 080 |
|
|
|a 821-312.4
|2 2011
|
| 100 |
1 |
|
|a Cook, Robin,
|d 1940-
|4 aut
|9 89343
|
| 245 |
1 |
0 |
|a Epidémia
|h slepecká tlač
|n Zv. 1-6
|c Robin Cook
|
| 260 |
|
|
|a Levoča
|b Ústredná knižnica pre nevidiacich Mateja Hrebendu
|c 1997
|
| 300 |
|
|
|a 6 zv. ([128, 153, 139, 123, 115, 103] s.
|c 32x27 cm
|
| 500 |
|
|
|a Údaje o zodp. prevzaté z tiráže
|
| 655 |
|
7 |
|a americké romány
|2 SNKPH
|9 1174
|
| 655 |
|
7 |
|a trilery (romány)
|2 SNKPH
|9 151146
|
| 655 |
|
7 |
|a publikácie v Braillovom písme
|2 SNKPH
|9 222610
|
| 852 |
|
|
|a Slovenská národná knižnica
|
| 919 |
|
|
|a 80-8047-095-2
|
| 954 |
|
|
|a beletria cudzojazyčná (svetová)
|2 lita
|
| 958 |
|
|
|a SX
|
| 958 |
|
|
|a LX
|
| 958 |
|
|
|a UP
|
| 958 |
|
|
|a KST
|
| 999 |
|
|
|c 630021
|d 631951
|
| 952 |
|
|
|t P60, <03>, [BOOK], {603}
|a SNK
|b SNK
|y PREZ
|7 0
|p 17A0100481
|o snkOSB 11574/1
|i snkKSP 10413/97
|0 0
|1 0
|4 0
|d 1997-10-07
|l 0
|r 2005-01-02 00:00:00
|w 2026-02-23
|
| 952 |
|
|
|t P60, <03>, [BOOK], {603}
|a SNK
|b SNK
|y PREZ
|7 0
|p 17A0100482
|o snkOSB 11574/2
|i snkKSP 10414/97
|0 0
|1 0
|4 0
|d 1997-10-07
|l 0
|r 2005-01-02 00:00:00
|w 2026-02-23
|
| 952 |
|
|
|t P60, <03>, [BOOK], {603}
|a SNK
|b SNK
|y PREZ
|7 0
|p 17A0100483
|o snkOSB 11574/3
|i snkKSP 10415/97
|0 0
|1 0
|4 0
|d 1997-10-07
|l 0
|r 2005-01-02 00:00:00
|w 2026-02-23
|
| 952 |
|
|
|t P60, <03>, [BOOK], {603}
|a SNK
|b SNK
|y PREZ
|7 0
|p 17A0100484
|o snkOSB 11574/4
|i snkKSP 10416/97
|0 0
|1 0
|4 0
|d 1997-10-07
|l 0
|r 2005-01-02 00:00:00
|w 2026-02-23
|
| 952 |
|
|
|t P60, <03>, [BOOK], {603}
|a SNK
|b SNK
|y PREZ
|7 0
|p 17A0100485
|o snkOSB 11574/5
|i snkKSP 10417/97
|0 0
|1 0
|4 0
|d 1997-10-07
|l 0
|r 2005-01-02 00:00:00
|w 2026-02-23
|
| 952 |
|
|
|t P60, <03>, [BOOK], {603}
|a SNK
|b SNK
|y PREZ
|7 0
|p 17A0100486
|o snkOSB 11574/6
|i snkKSP 10418/97
|0 0
|1 0
|4 0
|d 1997-10-07
|l 0
|r 2005-01-02 00:00:00
|w 2026-02-23
|